| 000 | 00717 a2200217 4500 | ||
|---|---|---|---|
| 003 | OSt | ||
| 005 | 20180116182734.0 | ||
| 008 | 160503b xxu||||| |||| 00| 0 eng d | ||
| 020 | _a8174888470 | ||
| 020 | _a9788174888471 | ||
| 040 | _c0 | ||
| 082 | _a658.1511 VIJ 1998 | ||
| 100 | _aMadhm Vij | ||
| 245 | 0 | 0 |
_aFinancial and management accounting. _cMadhm Vij |
| 260 |
_a[S.l.] : _bAnmol Publications Pvt. Ltd., _c1998. |
||
| 300 | _a1 v. (unpaged) | ||
| 500 | _aUnknown Binding. | ||
| 856 | 4 | 0 |
_3Amazon.com _uhttp://www.amazon.com/exec/obidos/ASIN/8174888470/chopaconline-20 |
| 856 | 4 | 0 |
_3Amazon customer reviews _uhttp://www.chopac.org/cgi-bin/tools/azrev.pl?q=8174888470 |
| 942 |
_aNBS _cBK _k658.1511 VIJ _2ddc |
||
| 999 |
_c345178 _d345178 |
||